| 000 | 02304nam a2200313Ia 4500 | ||
|---|---|---|---|
| 001 | K0304 | ||
| 003 | IT-RoPAU | ||
| 008 | 130308s9999 xx 000 0 und d | ||
| 040 | _aIT-RoPAU | ||
| 040 | _cIT-RoPAU | ||
| 041 | _aITALIANO | ||
| 100 | _aRossi Francesco | ||
| 100 | _gCodice Aut. SPICS: 59581 | ||
| 245 | _aPiccio - Giovanni Carnovali detto il | ||
| 245 | _bPiccio - Giovanni Carnovali Detto Il | ||
| 250 | _a1a ed. | ||
| 260 | _aMILANO | ||
| 260 | _bElecta | ||
| 260 | _c1974 [1° Ed.:1974 - Ed.Ling.Originale:1974] | ||
| 300 | _a"186 p. (prefazione: no ; testo: 186 [pagine: 0-0])" | ||
| 500 | _a"Mostra Tenutasi a Bergamo, palazzo della Ragione 14 settembre 10 Novembre 1974. presentazione di G. Pezzotta. fortuna Critica del Piccio di M. Valsecchi. Bibliografia. Catalogo Opere. 133 Illustrazioni in bianco e Nero e Colori: nudo D'Accademia; Autoritratto; ritratto di Carlo Landriani; ritratto di Giacomo Quarenghi; ritratto di Giovanni Maironi da Ponte; ritratto di Giovanni Beltrami; ritratti Vari; Morte di Aminta; Angelica e Medoro; paesaggio con Fiume; Madonna col Bambino; Ripudio di Agar; Bagnante; fuga in Egitto; paesaggio Dai Grandi Alberi; Arianna Abbandonata; veduta di Firenze; Madonna in Estasi; Modella; David placa Saul col Canto; Eros e Psiche; tre Angeli in Casa di Abramo; Salmace e Ermafrodito; Angelica e Medoro; Rinaldo e Armida; Olocausto di Noe'; Crocifissione; Battesimo di Cristo; Susanna e Vecchioni; Agar nel Deserto; incontro di Rachele e Giacobbe; Morte di Virginia; lungo Adda; Lot e Figlie; Apollo e Marsia; Arianna Consolata da Bacco; giudizio di Paride; Riposo nella fuga in Egitto; Nozze Mistiche di S. Caterina; paesaggio a Brembate Sotto; Mattino Alle Prealpi; Maddalena; Mose' Salvato Dalle Acque; Diana e Atteone; Bagnante; Adorazione Vitello D'Oro; cavalli All'Abbeveraggio; presentazione al Tempio; veduta di Verona; veduta di Val D'Astino. Pittori: Francesco Coghetti; Enrico Scuri; Giacomo Trecourt. D" | ||
| 650 | _aAUTORI/OPERE DI PITTURA | ||
| 650 | _eCodice materia Spics: 5207 | ||
| 700 | _aLorenzelli Bruno | ||
| 700 | _gCodice Aut. SPICS: 60125 | ||
| 942 | _cBK | ||
| 957 | _71 | ||
| 999 |
_c77231 _d77231 |
||
| 999 | _g1 | ||